zpět

Detail výsledku týmu

Olomouc speciál, Olomouc

Datum a čas kvízu

22 Celkem bodů Celkový počet nahraných bodů na tomto kvízu bez doplňovacích otázek.
10. Pořadí na kvízu Konečné umístění týmu na tomto kvízu.

Zaznamenané odpovědi

# Otázka Odpověď Body Výsledky
1. Při výročí vstupu ČR do EU se... 6.-9. června 0
2. Blízký spolupracovník slovensk... zpochybnil, že je Země kulatá 1
3. Při příležitosti 20. výročí vs... Frank-Walter Steinmeier a Ursula von der Leyenová 0.5
4. Minulý týden se objevily v méd... Invia 1
5. Úvodní semifinále Ligy mistrů... 2:2 1
6. Ač vás to možná překvapí, jen... Kazachstán 1
7. V Evropě najdeme jen šest stát... Bělorusko 0
8. Za zcela unikátní bychom mohli... Uzbekistán, Lichtenštejnsko 0.5
9. Kolik států USA můžeme označit... C 1
10. Jak zní název nejjižněji polož... Lesotho 0